00954 2200205 4500245011100000020002200111250001100133100002300144700001500167650000900182650000900191650002200200005001900222260003300241041001400274084001000288300002200298500041900320336000900739 a5 Hari Mahir Bikin Film b : Jangan Cuma Bisa Nonton , Ayo Bikin Filmmu SendiricPanca JavandalastahText a978-602-98463-4-8 aCet. 1 aPanca Javandalasta aM. Mutakin aFIlm aTips aBelajar Buat Film a20230929084127 aSurabayabMumtaz Mediac2011 aIndonesia a778.2 a112 hlm. :cilus. aBuku ini hadir untuk memberikan alternatif solusi belajar film dengan cara yang jauh lebih sederhana. Buku ini dapat membantu pembaca belajar film hanya dalam waktu yang relatif singkat. Hanya dalam waktu 5 hari pembaca pasti bisa membuat film sendiri. Setelah pembaca membaca bagian per bagian dalam buku ini perhari, pembaca langsung dapat mempraktekannya bersama teman-teman baik sekomunitas film ataupun bukan. atext